000 01164cam a2200301 4500
001 ABS65721
008 020722n2002 000 0 eng u
035 _a(Sirsi) u118962
100 _aSmit, J.
245 _aHow to save the planet
260 _c2002
490 _aHousing Today
_v11 July 2002, 28-33(6)
520 _aSpecial feature on sustainable homes and the ways that housing providers are maximising the advantages of energy efficiency. Looks at Black Country Housing's strategy to reduce energy use and use alternative sources of energy such as solar energy; discusses the problem of fuel poverty and how housing providers can tackle this; and argues that environmental interests can be prioritised without putting tenants' needs second.
590 _aABS
650 _aENERGY EFFICIENT HOUSES
650 _aSUSTAINABLE HOUSING
650 _aHOUSING ASSOCIATIONS
650 _aENERGY USE
650 _aSOCIAL HOUSING
650 _aREGISTERED SOCIAL LANDLORDS
650 _aLOCAL AUTHORITIES
650 _aSOLAR ENERGY
690 _aHOUSING
700 _aPickles, D.
700 _aGibbs, L.
700 _aBaines, R.
942 _n0
999 _c70783
_d70783